|
|
|
|
| LEADER |
00000nam a2200000 a 4500 |
| 001 |
UCS0351 |
| 003 |
CL-VaPUC |
| 008 |
970418e19750000CL |||||||||||||||||spa|d |
| 082 |
0 |
4 |
|a 345.05
|b LOP
|2 21
|
| 100 |
|
|
|a López L, Osvaldo
|e autor
|9 598483
|
| 245 |
1 |
0 |
|a Tratado de derecho procesal penal chileno
|
| 300 |
|
|
|a v
|
| 942 |
|
|
|c BK
|
| 945 |
|
|
|d 19970418 00:00:00
|a lriquelm
|
| 260 |
|
|
|a Santiago
|b Encina
|c 1975
|
| 650 |
|
0 |
|a Derecho procesal penal
|9 256392
|
| 650 |
|
0 |
|a Procedimiento penal
|9 254974
|
| 650 |
|
7 |
|a SUMARIO
|2 CL-VaPUC
|9 368476
|
| 650 |
|
7 |
|a SOBRESEIMIENTO
|2 CL-VaPUC
|9 254976
|
| 650 |
|
7 |
|a PLENARIO
|2 CL-VaPUC
|9 379649
|
| 650 |
|
0 |
|a Recursos procesales
|9 255595
|
| 651 |
|
7 |
|a CHILE
|2 CL-VaPUC
|9 383703
|
| 583 |
|
|
|a last modification
|c 19970418 00:00:00
|k Rodrigo Vera
|
| 999 |
|
|
|c 258583
|d 258581
|
| 952 |
|
|
|0 0
|1 0
|4 0
|6 345_050000000000000_LOP_1975
|7 0
|8 A
|9 282790
|a BIBDER
|b BIBDER
|d 2019-11-19
|h v.2
|i 1834401
|o 345.05 LOP 1975
|p 1834401
|r 2023-01-25
|w 2019-11-19
|y BK
|k DER
|